00477nam a22001577a 45000050016000000100015000160200011000310350013000420370013000550820010000681000024000782450098001022600052002002700023002523000044002752010082107027.0 aENG-101189 c125.00 aEN-84722 bDBAD/PUB a230.1 aRaghavendran, T. S. aRamayan in nut-shell :balong with marga pada in Brahmasutra bhashya /cby T. S. Raghavendran aTiruchanurbSri Madhva Siddhanta Onnahini Sabha bTiruchanure517503 axxviii,232p.:bill.c22cm (pbk)ePhotos